Language Quiz

Random Language or Letter Quiz

12 Ways Not To Buy the Right Christmas 'Tree' Quiz Stats

 Plays Quiz not verified by Sporcle

Challenge
Share
Tweet
Embed
Score 0/12 Timer 01:30
0 Plays Today
Hint Answer % Correct
Change the TFree
97.5%
Change the TBree
93.1%
Change the TDree
89.5%
Change the RThee
86.2%
Change the Second ETrek
84.9%
Change the TGree
83.1%
Change the Second ETret
81.6%
Change the TPree
80.9%
Change the Second ETrey
78.8%
Change the First ETrue
77.4%
Change the Second ETref
76.8%
Change the RTwee
63.3%

You're not logged in!

Compare scores with friends on all Sporcle quizzes.
OR
Log In

You Might Also Like...

Show Comments

Extras

Top Quizzes Today


Score Distribution

Your Account Isn't Verified!

In order to create a playlist on Sporcle, you need to verify the email address you used during registration. Go to your Sporcle Settings to finish the process.

Report this User

Report this user for behavior that violates our Community Guidelines.

Details: